Дело о назначении прибавочного жалования по преимуществам службы в отдаленных местностях педагогам Кавказского учебного округа П...

RUSMARC
00005380cac2a2200000#x 450
0015c310d9e3e884dc688fd3bf8a407148e
00520231113150849.0
100##$a20130916l19081912k y0rusy0189 ca
1010#$arus
102##$aRU
251##$cДело
2250#$aФонд Совет министров (1905-1917)
$hОпись № 19
324##$aПленка
801#0$aRU
$bРГИА
$c20130916
801#1$aRU
$bГлавНИВЦ
$c20130916
$2rusmarc
801#2$aRU
$bПБ им. Б.Н. Ельцина
$c20130917
$gRCR
$2rusmarc
850##$aФедеральное казенное учреждение "Российский государственный исторический архив"
852##$aРГИА
$j319
937##$aASBIBLIO_SCAN
$bРГИА_1276:_19:_319:
$d1931194
$hРГИА
2001#$aДело о назначении прибавочного жалования по преимуществам службы в отдаленных местностях педагогам Кавказского учебного округа Передерию, Востонову, Гогоберидзе, Джарджикия и Мачавариани
$j19 августа 1908 г. - 25 августа 1912 г.
215##$a23 листа
035##$a5c310d9e3e884dc688fd3bf8a407148e
1222#$ad19080819##
$ad19120825##
300##$aПечатный текст
461#0$1001c7912e80-a322-4844-9992-beca65726c82
$12001
$aСовет министров (1905-1917)
$1251
$cФонд
$1852
$j1276
462#0$1001829f6aa9-2b65-4220-9fa5-8086d4ddd214
$12001
$a1905-1917 гг.
$vД. 319
$1251
$cОпись
$1852
$j19
60102$2prlib_sh
$3LIBNET\UAF\0000109453
$aКавказский учебный округ
$bПопечитель
$jАрхивные дела
60102$aКавказский учебный округ
$2prlib_sh
$3LIBNET\UAF\0000109449
$xИстория
$zнач. 20 в.
$jАрхивные дела
6061#$2nlr_sh
$3RU\NLR\AUTH\661254939
$aПедагоги
$xЗаработная плата
$jАрхивные дела
605##$2acquisition_Prlib
$3LIBNET\UAF\0000107109
$aИстория образования в России
$lколлекция
605##$aВласть
$lколлекция
$2acquisition_Prlib
$3DITM\AF\0000002775
686##$2rubbk
$a74.03(284)5-4ю11
$vLBC/M
686##$a63.3(284)53-332ю11
$vLBC/M
$2rubbk
686##$a65.245ю11
$vLBC/M
$2rubbk
Формат отображения